1227 1129 1865 1712 1314 1818 1244 1191 1743 1725 1788 1877 1010 1672 1271 1114 1835 1789 1508 1731 1487 1206 1246 1970 1118 1798 1135 1212 1613 1797 1788 1383 1154 1320 1672 1486 1600 1890 1089 1836 1554 1113 1307 1836 1210 1804 1543 1620 1358 1361 1993 1188 1539 1438 1939 1836 1907 1182 1275 1133 1650 1484 1124 1891 1045 1513 1098 1629 1781 1265 1341 1211 1051 1461 1412 1813 1533 1255 1402 1140 1398 1485 1355 1133 1181 1855 1501 1771 1460 1879 1828 1933 1989 1017 1334 1838 1812 1227 1437 BCNSPRNW ULIB Ver.6.0+V

เปลี่ยนเป็นภาษาไทย

Change to English
 แสดงรายละเอียดบรรณานุกรม
  กลับหน้าหลัก

Brief Record : Get Marc (ISO 2709) : E-mail record : QR code < ปิดหน้าต่าง
LEADER : 00000nam 2200000uu 4500
001    13399110243
003     ULIB
008    110426s2550||||th 000 0 tha d
020    9742725071
060 04 WM75^bว582ห 2550
100 0  วิทยา นาควัชระ
245 10 หมอวิทยา พาเที่ยว แนวจิตวิทยา /^cวิทยา นาควัชระ
250    พิมพ์ครั้งที่ 2
260    กรุงเทพฯ :^bGoodbook,^c2550
300    232 หน้า :^bภาพประกอบ
650  7 การท่องเที่ยว
650  7 การเดินทาง
945    ^p235^l0^i025016
995    ทศพร
999 ^a ใช้งานได้ทุกระบบ
รายการนี้ยังไม่มีแท็ก
คุณยังไม่ได้ล็อกอิน คุณสามารถมีกิจกรรมร่วมกับเว็บไซต์ได้ แต่ต้องล็อกอินก่อน ::
  ล็อกอิน

รายการสื่อสารสนเทศ

ลำดับที่ ประเภท เลขเรียก/บาร์โค้ด สถานที่ สถานะ
- ไม่พบข้อมูล -

รายการใกล้เคียง
    ผู้แต่ง [วิทยา นาควัชระ]

    หัวเรื่อง [การท่องเที่ยว]
    หัวเรื่อง [การเดินทาง]

BibComment


ยังไม่เคยถูกคอมเมนท์

คอมเมนท์ทรัพยากรรายการนี้
  คอมเมนท์: หมอวิทยา พาเที่ยว..


 Copyright 2026. Bcnsprnw @Library